000 01234 a2200241 4500
001 46966
005 20260407155739.0
008 260407a1984 arg spa d
003 AR-UNSa-BCEJYS
040 _aAR-UNSa-BCEJYS
_bspa
_cAR-UNSa-BCEJYS
080 _a330.43
_xEconometría
245 1 0 _aMétodos de econometría
020 _a84-316-2520-1
250 _a2a. reimp.
264 1 _aBarcelona :
_bVicens-Vives
_c1984
300 _a686 p.
_c23 cm.
505 _a1. La naturaleza de la econometría - 2. El modelo lineal de dos variables - 3. Ampliaciones del modelo lineal de dos variables - 4. Elementos de álgebra matricial - 5. El modelo lineal de K variables - 6. Otros tópicos del modelo lineal de K variables - 7. Estimadores máximo-verosímiles y distribuciones asintóticas - 8. Mínimos cuadrados generalizados - 9. Variables retardadas - 10. Otros temas variados - 11. Sistemas de ecuaciones simultáneas - 12. Econometría en la práctica: problemas y perspectivas.
942 _cBK
590 _aniveau_biblio:m niveau_hierar:0
100 1 _aSánchez Fernández, Jesús
700 1 _aJohnston, Jack
856 4 1 _uhttps://www.biblioeco.unsa.edu.ar/pmb/images/libros/L127358.jpg
_yImagen de portada
_qimage/jpeg
999 _c4259
_d4259